Towards industrial democracy : Europe, Japan, and the United States
Salvato in:
| Natura: | Libro |
|---|---|
| Lingua: | Undetermined |
| Pubblicazione: |
Montclair
Allanheld, Osmun
1979
|
| Soggetti: | |
| Tags: |
Aggiungi Tag
Nessun Tag, puoi essere il primo ad aggiungerne! !
|
| Thư viện lưu trữ: | Trung tâm Học liệu Trường Đại học Cần Thơ |
|---|
| LEADER | 00516nam a2200181Ia 4500 | ||
|---|---|---|---|
| 001 | CTU_77706 | ||
| 008 | 210402s9999 xx 000 0 und d | ||
| 082 | |a 331.09172 | ||
| 082 | |b T737 | ||
| 245 | 0 | |a Towards industrial democracy : | |
| 245 | 0 | |b Europe, Japan, and the United States | |
| 245 | 0 | |c Edited by Benjamin C. Roberts | |
| 260 | |a Montclair | ||
| 260 | |b Allanheld, Osmun | ||
| 260 | |c 1979 | ||
| 650 | |a Industrial relations | ||
| 650 | |z Japan | ||
| 980 | |a Trung tâm Học liệu Trường Đại học Cần Thơ | ||